Illegal Short-term Rentals, Regulatory Enforcement and Informal Practices in the Age of Digital Platforms
Článok analyzuje výzvy kontroly krátkodobých prenájmov (KP) v ére sprostredkovania cez digitálne platformy so zameraním sa na proces presadzovania právnych predpisov. Na základe dôkazov z veľkých európskych miest článok skúma, ako verejné orgány identifikujú a riešia nelegálne KP, ako sa prevádzkova...
Salvato in:
| Autore principale: | |
|---|---|
| Altri autori: | |
| Natura: | Capitolo di libro |
| Lingua: | inglese |
| Soggetti: | |
| Tags: |
Nessun Tag, puoi essere il primo ad aggiungerne!!
|
MARC
| LEADER | 00000naa a2200000 4500 | ||
|---|---|---|---|
| 001 | 0305300 | ||
| 005 | 20241125104321.1 | ||
| 041 | 0 | |a eng | |
| 044 | |a GB | ||
| 245 | 1 | 0 | |a Illegal Short-term Rentals, Regulatory Enforcement and Informal Practices in the Age of Digital Platforms |c Claire Colomb, Tatiana Moreira de Souza |
| 520 | |a Článok analyzuje výzvy kontroly krátkodobých prenájmov (KP) v ére sprostredkovania cez digitálne platformy so zameraním sa na proces presadzovania právnych predpisov. Na základe dôkazov z veľkých európskych miest článok skúma, ako verejné orgány identifikujú a riešia nelegálne KP, ako sa prevádzkovatelia nelegálnych KP snažia uniknúť odhaleniu a aký je vzťah medzi mestskými samosprávami a digitálnymi platformami v procese presadzovania právnych predpisov. Článok ukazuje, čo robí digitalizácia a "platformizácia" s možnosťou (lokálnej) štátnej regulácie neformálnosti a nelegálnosti bývania v európskom kontexte. Keďže platformy sa zdráhali zverejňovať individualizované zoznamy KP miestnym orgánom, miestne orgány sa museli spoliehať na vlastné metódy zhromažďovania údajov vo fyzickom a digitálnom svete v kontexte pokusov regulovať KP pre ciele verejného záujmu, ako napr. ochranu dlhodobého bytového fondu. | ||
| 610 | 2 | 0 | |a dáta |
| 610 | 2 | 0 | |a platformy digitálne |
| 610 | 2 | 0 | |a bývanie |
| 610 | 2 | 0 | |a prenájom |
| 610 | 2 | 0 | |a správa verejná |
| 610 | 2 | 0 | |a regulácia |
| 610 | 2 | 0 | |a predpisy právne |
| 100 | 1 | |a Colomb, Claire | |
| 700 | 1 | |a Moreira de Souza, Tatiana | |